[Event "Fagernes International 2022"]
[Site "Fagernes"]
[Date "2022.04.13"]
[Round "5.10"]
[White "Cross, Jamie"]
[Black "Rynning, Rune Kleiven"]
[Result "1-0"]
[WhiteElo "1735"]
[BlackElo "1694"]
[Annotator "NA RC"]
[PlyCount "87"]
[EventDate "2022.04.10"]
[EventCountry "NOR"]
[SourceTitle "playchess.com"]
[Source "ChessBase"]
[SourceQuality "1"]

1. d4 {[%emt 0:01:38]} d5 {[%emt 0:00:08]} 2. Bg5 {[%emt 0:01:10]} c5 {[%emt 0:04:35]} 3. dxc5 {[%emt 0:01:47]} Nf6 {[%emt 0:02:20]} 4. Nc3 {[%emt 0:03:12]} e6 {[%emt 0:00:59]} 5. e4 {[%emt 0:04:59]} d4 {[%emt 0:19:10]} 6. e5 {[%emt 0:09:57]} h6 {[%emt 0:10:29]} 7. exf6 {[%emt 0:10:10]} hxg5 {[%emt 0:01:04]} 8. fxg7 {[%emt 0:00:57]} Bxg7 {[%emt 0:00:28]} 9. Ne4 {[%emt 0:01:24]} Qa5+ {[%emt 0:22:33]} 10. Qd2 {[%emt 0:03:51]} Qxd2+ {[%emt 0:01:44]} 11. Nxd2 {[%emt 0:07:58]} Bd7 {[%emt 0:09:38]} 12. O-O-O {[%emt 0:01:45]} Nc6 {[%emt 0:04:22]} 13. Bb5 {[%emt 0:06:46]} a6 {[%emt 0:04:25]} 14. Ba4 {[%emt 0:00:19]} e5 {[%emt 0:01:57]} 15. Ngf3 {[%emt 0:03:30]} g4 {[%emt 0:01:46]} 16. Ng5 {[%emt 0:06:32]} f5 {[%emt 0:02:07]} 17. h4 {[%emt 0:01:14]} Nb4 {[%emt 0:03:54]} 18. Bxd7+ {[%emt 0:01:10]} Kxd7 {[%emt 0:00:02]} 19. a3 {[%emt 0:00:31]} Nd5 {[%emt 0:00:31]} 20. g3 {[%emt 0:04:48]} Rhc8 {[%emt 0:02:54]} 21. Nb3 {[%emt 0:01:16]} b6 {[%emt 0:02:38]} 22. cxb6 {[%emt 0:02:09]} Nxb6 {[%emt 0:00:02]} 23. Rhe1 {[%emt 0:00:54]} Rc4 {[%emt 0:03:13]} 24. Kb1 {[%emt 0:04:19]} e4 {[%emt 0:01:09]} 25. Nxe4 {[%emt 0:03:09]} fxe4 {[%emt 0:00:14]} 26. Rxe4 {[%emt 0:00:06]} Rf8 {[%emt 0:06:44]} 27. Rxg4 {[%emt 0:00:58]} Bh8 {[%emt 0:00:23]} 28. f4 {[%emt 0:01:13]} Nd5 {[%emt 0:01:27]} 29. Rg6 {[%emt 0:06:06]} Ne3 {[%emt 0:00:15]} 30. Rd2 {[%emt 0:00:43]} Ke7 {[%emt 0:00:36]} 31. Re2 {[%emt 0:12:26]} Kf7 {[%emt 0:00:31]} 32. Rxa6 {[%emt 0:01:20]} Rfc8 {[%emt 0:01:02]} 33. Rd6 {[%emt 0:02:55]} Nxc2 {[%emt 0:00:57]} 34. Na5 {[%emt 0:02:29]} R4c5 {[%emt 0:02:17]} 35. Nb7 {[%emt 0:00:57]} R5c7 {[%emt 0:00:19]} 36. Nd8+ {[%emt 0:00:22]} Kg7 {[%emt 0:00:30]} 37. Ne6+ {[%emt 0:00:28]} Kf7 {[%emt 0:00:26]} 38. Nxc7 {[%emt 0:00:15]} Ne3 {[%emt 0:00:54]} 39. Rd7+ {[%emt 0:01:39]} Kg6 {[%emt 0:00:14]} 40. Nd5 {[%emt 0:02:02]} d3 {[%emt 0:00:45]} 41. Rxe3 {[%emt 0:00:51]} Rc2 {[%emt 0:01:08]} 42. g4 {[%emt 0:04:15]} Rxb2+ {[%emt 0:00:54]} 43. Kc1 {[%emt 0:00:09]} Rc2+ {[%emt 0:00:48]} 44. Kd1 {[%emt 0:00:11]} 1-0

[Event "Fagernes International 2022"]
[Site "Fagernes"]
[Date "2022.04.13"]
[Round "5.11"]
[White "Donchenko, Irina"]
[Black "Carlin, Tormod"]
[Result "0-1"]
[WhiteElo "2057"]
[BlackElo "1630"]
[Annotator "TA"]
[PlyCount "68"]
[EventDate "2022.04.10"]
[EventCountry "NOR"]
[SourceTitle "playchess.com"]
[Source "ChessBase"]
[SourceQuality "1"]

{[%evp 16,68,18,0,0,-16,12,-8,-8,-8,-8,-8,-6,-9,-12,-8,0,3,17,0,0,0,0,-18,-8,-6,-8,-14,-11,-15,-9,-20,-9,-56,-52,-34,-48,-56,-51,-54,-43,-91,0,-8,0,0,0,-7,-3,-6,-8,-18,-5,-1218,-1177]} 1. Nf3 {[%emt 0:00:05]} d5 {[%emt 0:00:06]} 2. d4 {[%emt 0:00:05]} Nf6 {[%emt 0:00:04]} 3. c4 {[%emt 0:00:08]} e6 {[%emt 0:00:05]} 4. g3 {[%emt 0:00:05]} Bb4+ {[%emt 0:00:04]} 5. Bd2 {[%emt 0:00:13]} Be7 {[%emt 0:00:06]} 6. Bg2 {[%emt 0:00:08]} c6 {[%emt 0:00:04]} 7. Qc2 {[%emt 0:01:15]} Nbd7 {[%emt 0:00:10]} 8. O-O {[%emt 0:00:23]} O-O {[%emt 0:00:04]} 9. Rd1 {[%emt 0:00:41]} b6 {[%emt 0:00:09] E11: Bogo-Indian.} 10. Nc3 {[%emt 0:01:04]} Bb7 {[%emt 0:00:05]} 11. e4 {[%emt 0:06:44]} dxc4 {[%emt 0:02:49] The position is equal.} 12. e5 {[%emt 0:10:15]} Nd5 {[%emt 0:00:22]} 13. Ne4 {[%emt 0:00:12]} h6 {[%emt 0:03:16]} (13... b5 {is more complex.} 14. b3 c5 15. Neg5 g6) 14. Qxc4 {[%emt 0:02:35]} c5 {[%emt 0:01:48]} 15. dxc5 {[%emt 0:03:07] [#]} Nxc5 $146 {[%emt 0:00:08]} ({Predecessor:} 15... bxc5 16. Rac1 Qb8 17. Qe2 Rd8 18. Ba5 Rc8 19. Ned2 N7b6 20. a3 Bc6 21. Ne1 Qb7 {0-1 (42) Robertson,J (2119)-Weaving,R (2314) England 2018}) 16. Nxc5 {[%emt 0:00:24]} Bxc5 {[%emt 0:00:15]} 17. Qg4 {[%emt 0:02:12] [#] Hoping for Bxh6.} f5 {[%emt 0:14:43]} 18. Qg6 {[%emt 0:14:04] Threatens to win with Bxh6.} Qe8 {[%emt 0:00:30]} 19. Nh4 {[%emt 0:00:25]} Rb8 {[%emt 0:08:59]} 20. Be1 {[%emt 0:04:32]} Qf7 {[%emt 0:10:19]} 21. Rac1 {[%emt 0:04:46]} a5 {[%emt 0:06:35]} 22. a3 {[%emt 0:04:19]} Rfc8 {[%emt 0:11:39]} 23. Qxf7+ {[%emt 0:15:38]} Kxf7 {[%emt 0:01:02]} 24. b4 {[%emt 0:03:17]} (24. Ra1 $11 {was preferrable.}) 24... axb4 $15 {[%emt 0:01:01]} 25. axb4 {[%emt 0:02:41]} Be7 {[%emt 0:00:12]} 26. Rxc8 {[%emt 0:01:54]} Rxc8 {[%emt 0:00:07]} 27. Nf3 {[%emt 0:15:12]} (27. Nxf5 $2 exf5 28. Bxd5+ Bxd5 29. Rxd5 Rc1 $19) 27... Ba6 {[%emt 0:07:08]} (27... Bxb4 $2 28. Bxb4 Bc6 29. Bd6 $18) 28. b5 {[%emt 0:05:34]} (28. Ra1 $15 Bd3 29. Nd4) 28... Bb7 {[%emt 0:02:00] &Nero is more active.} (28... Bxb5 $17 {Threatening ...Bc5.} 29. Nd4 Bc4) 29. Nd4 $11 {[%emt 0:01:35]} Rc4 {[%emt 0:06:26]} 30. Bf1 {[%emt 0:03:59]} Rc7 {[%emt 0:02:18]} 31. h4 {[%emt 0:01:47]} f4 {[%emt 0:01:45]} 32. Kh2 {[%emt 0:04:33]} fxg3+ {[%emt 0:00:16]} 33. Kxg3 {[%emt 0:00:16]} Nc3 {[%emt 0:00:49]} 34. Rc1 {[%emt 0:00:49][%mdl 8192] [#]} (34. Ra1 $11) 34... Ne4+ {[%emt 0:00:07] Weighted Error Value: White=0.40/Black=0.10 (very precise)} 0-1

[Event "Fagernes International 2022"]
[Site "Fagernes"]
[Date "2022.04.13"]
[Round "5.12"]
[White "Flatebo, Hallvard Haug"]
[Black "Hellesoy, David"]
[Result "1-0"]
[WhiteElo "1886"]
[BlackElo "1561"]
[Annotator "NA RC"]
[PlyCount "85"]
[EventDate "2022.04.10"]
[EventCountry "NOR"]
[SourceTitle "playchess.com"]
[Source "ChessBase"]
[SourceQuality "1"]

1. d4 Nf6 2. c4 c5 3. d5 e5 4. Nc3 d6 5. e4 Be7 6. Bd3 O-O 7. Nge2 h6 8. Ng3 Nh7 9. O-O Bg5 10. f4 exf4 11. Bxf4 Bxf4 12. Rxf4 Nd7 13. Qe2 Ne5 14. Nf5 a6 15. a4 Rb8 16. Raf1 Re8 17. Bc2 (17. b3 $11 {might be stronger.}) 17... Qc7 (17... Bxf5 $15 18. exf5 {[#]} Nc6 $1) 18. Nd1 Nf8 19. Nde3 Nfg6 20. R4f2 b5 ({Black should try} 20... f6 $11) 21. cxb5 axb5 (21... f6 $11) 22. axb5 Bd7 23. Ba4 c4 24. b6 $1 Rxb6 25. Bxd7 Qxd7 26. Nxc4 Nxc4 27. Qxc4 Ne5 28. Qd4 Rb3 29. Rc2 f6 30. Rfc1 Rd3 {[%emt 4:54:22]} 31. Qf2 $18 Nf7 {[%emt 0:10:33]} 32. Qe2 Qxf5 {[%emt 0:10:41]} 33. exf5 Rxe2 {[%emt 0:03:24]} 34. Rxe2 Rxd5 {[%emt 0:00:43]} 35. Re8+ Kh7 36. Rc7 Re5 37. Rxe5 Nxe5 38. b4 d5 39. b5 d4 40. Kf1 d3 {[%emt 0:12:19]} 41. Ke1 h5 {[%emt 0:00:53]} 42. b6 h4 {[%emt 0:00:20]} 43. h3 1-0

[Event "Fagernes International 2022"]
[Site "Fagernes"]
[Date "2022.04.13"]
[Round "5.13"]
[White "Tiupenko, Mihail"]
[Black "Paulien, Pascal"]
[Result "1-0"]
[WhiteElo "1621"]
[BlackElo "1815"]
[Annotator "NA RC"]
[PlyCount "39"]
[EventDate "2022.04.10"]
[EventCountry "NOR"]
[SourceTitle "playchess.com"]
[Source "ChessBase"]
[SourceQuality "1"]

1. e4 {[%emt 2:30:24]} d5 {[%emt 0:00:10]} 2. exd5 {[%emt 0:00:06]} Qxd5 {[%emt 0:00:06]} 3. Nc3 {[%emt 0:00:08]} Qa5 {[%emt 0:00:09]} 4. d4 {[%emt 0:00:07]} Nf6 {[%emt 0:00:21]} 5. Nf3 {[%emt 0:01:33]} Bf5 {[%emt 0:01:11]} 6. Ne5 {[%emt 0:00:44]} c6 {[%emt 0:02:03]} 7. g4 {[%emt 0:01:28]} Bg6 {[%emt 0:02:21]} 8. h4 {[%emt 0:00:58]} Nbd7 {[%emt 0:03:39]} 9. Nc4 {[%emt 0:00:13]} Qc7 {[%emt 0:01:35]} 10. h5 {[%emt 0:01:28]} Be4 {[%emt 0:01:15]} 11. Nxe4 {[%emt 0:00:20]} Nxe4 {[%emt 0:00:07]} 12. Qf3 {[%emt 0:01:35]} Nef6 {[%emt 0:03:09]} 13. Bf4 {[%emt 0:00:28]} Qd8 {[%emt 0:00:29]} 14. O-O-O {[%emt 0:01:11]} Nd5 {[%emt 0:01:07]} 15. Bg3 {[%emt 0:01:51]} N5b6 {[%emt 0:04:09]} 16. Re1 {[%emt 0:02:23]} Nxc4 {[%emt 0:01:13]} 17. Bxc4 {[%emt 0:00:12]} Nf6 {[%emt 0:02:16]} 18. Qb3 {[%emt 0:04:44]} Nd5 {[%emt 0:03:51]} 19. Qxb7 {[%emt 0:06:43]} Qc8 {[%emt 0:02:20]} 20. Ba6 {[%emt 0:01:08]} 1-0

[Event "Fagernes International 2022"]
[Site "Fagernes"]
[Date "2022.04.13"]
[Round "5.14"]
[White "Pedersen, Max Moe"]
[Black "Johansen, Aleksander"]
[Result "1-0"]
[WhiteElo "1933"]
[BlackElo "1506"]
[Annotator "TA"]
[PlyCount "75"]
[EventDate "2022.04.10"]
[EventCountry "NOR"]
[SourceTitle "playchess.com"]
[Source "ChessBase"]
[SourceQuality "1"]

{[%evp 19,75,16,60,49,77,56,66,20,73,24,107,12,42,37,42,38,43,58,40,39,41,39,47,43,40,44,43,7,11,7,72,66,67,53,50,58,140,145,133,120,120,124,158,115,180,151,139,116,242,223,302,302,581,567,677,676,576,517]} 1. d4 {[%emt 0:01:39]} d5 {[%emt 0:00:07]} 2. c4 {[%emt 0:00:07]} e6 {[%emt 0:00:10]} 3. Nf3 {[%emt 0:00:05]} Nf6 {[%emt 0:01:07]} 4. Nc3 {[%emt 0:00:06]} Be7 {[%emt 0:00:15]} 5. Bf4 {[%emt 0:00:11]} O-O {[%emt 0:00:43]} 6. e3 {[%emt 0:00:04]} c5 {[%emt 0:01:13]} 7. dxc5 {[%emt 0:00:07]} Bxc5 {[%emt 0:00:10]} 8. a3 {[%emt 0:00:09]} Nc6 {[%emt 0:00:47]} 9. Qc2 {[%emt 0:00:07]} Qa5 {[%emt 0:01:31]} 10. Rd1 {[%emt 0:00:10]} Ne4 {[%emt 0:06:11][%cal Oc5a3]} 11. cxd5 {[%emt 0:00:28] D37: Queen's Gambit Declined: 5 Bf4.} Nxc3 {[%emt 0:03:39]} 12. bxc3 {[%emt 0:00:12]} exd5 {[%emt 0:01:25] [#]} 13. Be2 $146 {[%emt 0:00:11]} (13. Ng5 $14 {is more appropriate.} g6 14. Rxd5) ({Predecessor:} 13. a4 g6 14. Be2 Bf5 15. Bd3 Bxd3 16. Rxd3 Rfd8 17. O-O b5 18. axb5 Qxb5 {½-½ (18) Rychagov,A (2543)-Skembris,S (2473) Paleochora 2014}) 13... Be6 {[%emt 0:04:04]} (13... Rd8 $11) 14. O-O {[%emt 0:01:27]} (14. Ng5 $16 {[%csl Gg5][%cal Rc2h7]} g6 15. O-O) 14... Rac8 {[%emt 0:00:26]} (14... Be7 $11) 15. a4 {[%emt 0:04:06]} ({Better is} 15. Ng5 $16 {[%csl Gg5][%cal Rc2h7]} g6 16. Nxe6 fxe6 17. Bg4) 15... Be7 {[%emt 0:05:23]} 16. Rb1 {[%emt 0:12:06][%cal Bd1b1,Bb1b7,Bb7b5][%mdl 32]} Bf6 {[%emt 0:06:37]} 17. Rxb7 {[%emt 0:02:40]} Nd8 {[%emt 0:04:22]} 18. Rb5 {[%emt 0:03:18]} Qxc3 {[%emt 0:02:54]} 19. Qxc3 {[%emt 0:00:18]} Rxc3 {[%emt 0:03:40]} 20. Bd6 {[%emt 0:05:41] [#] And now Rb8 would win.} Re8 {[%emt 0:05:20]} 21. Rc5 {[%emt 0:06:20]} Nb7 {[%emt 0:02:14][%csl LRc5,LRd6]} 22. Rxc3 {[%emt 0:00:37]} Bxc3 {[%emt 0:00:02]} 23. Be5 {[%emt 0:02:01]} Bxe5 {[%emt 0:05:40]} 24. Nxe5 {[%emt 0:00:08]} f6 {[%emt 0:07:59]} (24... Rc8 $11 {remains equal.}) 25. Nc6 $16 {[%emt 0:01:53]} Bd7 {[%emt 0:03:11]} 26. Rc1 {[%emt 0:03:20]} a5 {[%emt 0:07:48]} 27. Bf3 {[%emt 0:02:44]} Bxc6 {[%emt 0:07:26]} (27... Kf8 $14) 28. Rxc6 $14 {[%emt 0:00:15][%mdl 4096] Endgame KRB-KRN} d4 {[%emt 0:00:07]} 29. Rc1 {[%emt 0:00:30]} Nd6 {[%emt 0:05:09]} 30. exd4 {[%emt 0:00:17]} Kf8 {[%emt 0:02:56]} 31. g4 {[%emt 0:03:25][%cal Bg2g4,Bg4h5][%mdl 32]} Ne4 {[%emt 0:02:05] Against Rc5} (31... Rc8 $16 32. Rxc8+ Nxc8) 32. Rc7 {[%emt 0:01:37]} Ng5 {[%emt 0:02:19]} 33. Kg2 {[%emt 0:01:11] &Bianco is more active.} Nxf3 {[%emt 0:00:30] A mistake that costs the game.} (33... Rb8 $16 {is a better defense.}) 34. Kxf3 $18 {[%emt 0:00:15]} h5 {[%emt 0:01:57]} 35. gxh5 {[%emt 0:01:21]} f5 $2 {[%emt 0:01:30] [#]} (35... Rb8 {keeps fighting.} 36. Ra7 Rb4 37. Rxa5 Rxd4 38. Ra8+ Kf7) 36. Rc5 {[%emt 0:00:35][%csl LRa5,LRf5] White is clearly winning.} Rd8 {[%emt 0:01:13]} 37. Rxf5+ {[%emt 0:00:09]} Ke7 {[%emt 0:00:40]} 38. Ke4 {[%emt 0:00:09] Weighted Error Value: White=0.20 (precise) /Black=0.45} 1-0

[Event "Fagernes International 2022"]
[Site "Fagernes"]
[Date "2022.04.13"]
[Round "5.15"]
[White "Ji, Jiahao Eric"]
[Black "Stenseng, Benjamin"]
[Result "0-1"]
[WhiteElo "1664"]
[BlackElo "1578"]
[Annotator "NA RC"]
[PlyCount "90"]
[EventDate "2022.04.10"]
[EventCountry "NOR"]
[SourceTitle "playchess.com"]
[Source "ChessBase"]
[SourceQuality "1"]

1. e4 {[%emt 0:00:03]} d6 {[%emt 0:00:02]} 2. Nf3 {[%emt 0:01:12]} Nf6 {[%emt 0:00:07]} 3. Nc3 {[%emt 0:00:47]} g6 {[%emt 0:00:06]} 4. d4 {[%emt 0:01:08]} Bg7 {[%emt 0:00:05]} 5. Bc4 {[%emt 0:02:41]} O-O {[%emt 0:00:32]} 6. O-O {[%emt 0:01:46]} Bg4 {[%emt 0:03:22]} 7. h3 {[%emt 0:01:27]} Bxf3 {[%emt 0:00:05]} 8. Qxf3 {[%emt 0:00:23]} Nc6 {[%emt 0:01:46]} 9. Be3 {[%emt 0:03:09]} a6 {[%emt 0:05:59]} 10. a3 {[%emt 0:02:44]} e5 {[%emt 0:02:49]} 11. d5 {[%emt 0:02:43]} Ne7 {[%emt 0:01:50]} 12. Bg5 {[%emt 0:05:08]} Nd7 {[%emt 0:02:33]} 13. Qe3 {[%emt 0:01:58]} Qe8 {[%emt 0:03:34]} 14. Bxe7 {[%emt 0:03:19]} Qxe7 {[%emt 0:01:33]} 15. Rae1 {[%emt 0:00:58]} Rfb8 {[%emt 0:09:54]} 16. Bd3 {[%emt 0:03:00]} c5 {[%emt 0:04:17]} 17. dxc6 {[%emt 0:02:33]} bxc6 {[%emt 0:00:09]} 18. b3 {[%emt 0:00:37]} Qd8 {[%emt 0:08:13]} 19. Bc4 {[%emt 0:15:26]} Nb6 {[%emt 0:07:20]} 20. Rd1 {[%emt 0:04:38]} Qe7 {[%emt 0:08:59]} 21. Be2 {[%emt 0:02:13]} a5 {[%emt 0:01:50]} 22. a4 {[%emt 0:03:28]} Ra7 {[%emt 0:04:14]} 23. Rd3 {[%emt 0:02:49]} Rd7 {[%emt 0:05:00]} 24. Rfd1 {[%emt 0:02:25]} h5 {[%emt 0:02:40]} 25. g4 {[%emt 0:04:43]} hxg4 {[%emt 0:02:06]} 26. hxg4 {[%emt 0:05:41]} Bf6 {[%emt 0:09:50]} 27. Kg2 {[%emt 0:02:41]} Bg5 {[%emt 0:02:53]} 28. Qh3 {[%emt 0:02:48]} f6 {[%emt 0:02:38]} 29. Na2 {[%emt 0:06:49]} d5 {[%emt 0:04:29]} 30. exd5 {[%emt 0:01:48]} Nxd5 {[%emt 0:04:00]} 31. Kf1 {[%emt 0:05:25]} e4 {[%emt 0:00:52]} 32. Rd4 {[%emt 0:02:04]} Qe5 {[%emt 0:03:27]} 33. Bc4 {[%emt 0:03:59]} Kg7 {[%emt 0:04:39]} 34. Bxd5 {[%emt 0:03:37]} cxd5 {[%emt 0:01:23]} 35. Nc3 {[%emt 0:02:26]} Rh8 {[%emt 0:00:15]} 36. Qg3 {[%emt 0:02:28]} Bf4 {[%emt 0:00:39]} 37. Qg1 {[%emt 0:02:08]} e3 {[%emt 0:01:19]} 38. Rxd5 {[%emt 0:01:27]} Rxd5 {[%emt 0:00:55]} 39. Rxd5 {[%emt 0:00:29]} e2+ {[%emt 0:01:11]} 40. Nxe2 {[%emt 0:00:26]} Qxd5 {[%emt 0:01:02]} 41. Nxf4 {[%emt 0:00:56]} Qf3 {[%emt 0:05:19]} 42. Ng2 {[%emt 0:02:57]} Re8 {[%emt 0:01:09]} 43. Nh4 {[%emt 0:02:27]} Qe2+ {[%emt 0:00:36]} 44. Kg2 {[%emt 0:00:19]} Qxg4+ {[%emt 0:00:11]} 45. Kf1 {[%emt 0:00:16]} Re1+ {[%emt 0:00:24]} 0-1

[Event "Fagernes International 2022"]
[Site "Fagernes"]
[Date "2022.04.13"]
[Round "5.16"]
[White "Hina, Ariza"]
[Black "Ali, Karim"]
[Result "1-0"]
[WhiteElo "1547"]
[BlackElo "1786"]
[Annotator "NA RC"]
[PlyCount "67"]
[EventDate "2022.04.10"]
[EventCountry "NOR"]
[SourceTitle "playchess.com"]
[Source "ChessBase"]
[SourceQuality "1"]

1. e4 {[%emt 0:02:02]} e5 {[%emt 0:02:33]} 2. Nc3 {[%emt 0:00:05]} Nf6 {[%emt 0:00:06]} 3. f4 {[%emt 0:00:05]} d5 {[%emt 0:00:11]} 4. fxe5 {[%emt 0:00:06]} Nxe4 {[%emt 0:00:11]} 5. Nf3 {[%emt 0:00:31]} Bc5 {[%emt 0:00:06]} 6. d4 {[%emt 0:01:12]} Bb4 {[%emt 0:00:03]} 7. Bd2 {[%emt 0:00:15]} c5 {[%emt 0:00:05]} 8. Nxe4 {[%emt 0:52:41]} dxe4 {[%emt 0:00:45]} 9. Bxb4 {[%emt 0:02:46]} cxb4 {[%emt 0:00:45]} 10. Ng1 {[%emt 0:00:41]} Nc6 {[%emt 0:03:06]} 11. Bb5 {[%emt 0:01:55]} Bd7 {[%emt 0:03:01]} 12. Ne2 {[%emt 0:01:10]} Nxe5 {[%emt 0:01:43]} 13. Bxd7+ {[%emt 0:02:16]} Nxd7 {[%emt 0:00:07]} 14. Ng3 {[%emt 0:00:15]} Nf6 {[%emt 0:00:33]} 15. Qd2 {[%emt 0:03:54]} a5 {[%emt 0:02:58]} 16. Rd1 {[%emt 0:06:31]} O-O {[%emt 0:06:30]} 17. O-O {[%emt 0:01:17]} Re8 {[%emt 0:03:35]} 18. Nf5 {[%emt 0:03:22]} Nd5 {[%emt 0:02:34]} 19. Rde1 {[%emt 0:06:39]} Ra6 {[%emt 0:01:14]} 20. Qf2 {[%emt 0:09:02]} Rf6 {[%emt 0:05:12]} 21. Qg3 {[%emt 0:01:09]} Rg6 {[%emt 0:00:41]} 22. Qb3 {[%emt 0:02:01]} b5 {[%emt 0:07:41]} 23. Ne3 {[%emt 0:03:56]} Nf6 {[%emt 0:08:31]} 24. d5 {[%emt 0:01:45]} a4 {[%emt 0:01:28]} 25. Qxb4 {[%emt 0:00:36]} Nxd5 {[%emt 0:05:34]} 26. Qxb5 {[%emt 0:01:07]} Rg5 {[%emt 0:21:31]} 27. Rd1 {[%emt 0:02:23]} Nxe3 {[%emt 0:05:47]} 28. Rxd8 {[%emt 0:01:08]} Rxg2+ {[%emt 0:00:06]} 29. Kh1 {[%emt 0:00:05]} Rxd8 {[%emt 0:00:08]} 30. Qb6 {[%emt 0:00:23]} Rc8 {[%emt 0:04:40]} 31. Qxe3 {[%emt 0:02:14]} Rcxc2 {[%emt 0:00:09]} 32. Qxe4 {[%emt 0:00:12]} Rxh2+ {[%emt 0:00:35]} 33. Kg1 {[%emt 0:00:05]} g6 {[%emt 0:01:30]} 34. Qd5 {[%emt 0:00:35]} 1-0

[Event "Fagernes International 2022"]
[Site "Fagernes"]
[Date "2022.04.13"]
[Round "5.17"]
[White "Lye, Sigurd"]
[Black "Ji, Jiabao Eivind"]
[Result "1-0"]
[WhiteElo "1810"]
[BlackElo "1437"]
[Annotator "NA RC"]
[PlyCount "79"]
[EventDate "2022.04.10"]
[EventCountry "NOR"]
[SourceTitle "playchess.com"]
[Source "ChessBase"]
[SourceQuality "1"]

1. e4 {[%emt 0:00:01]} e6 {[%emt 0:00:38]} 2. d4 {[%emt 0:00:05]} d5 {[%emt 0:00:06]} 3. Nd2 {[%emt 0:00:08]} Be7 {[%emt 0:00:26]} 4. Ngf3 {[%emt 0:00:16]} Nf6 {[%emt 0:01:46]} 5. e5 {[%emt 0:00:06]} Nfd7 {[%emt 0:00:33]} 6. Bd3 {[%emt 0:00:10]} c5 {[%emt 0:01:27]} 7. c3 {[%emt 0:00:06]} Nc6 {[%emt 0:00:31]} 8. O-O {[%emt 0:00:16]} Qb6 {[%emt 0:04:14]} 9. dxc5 {[%emt 0:09:27]} Bxc5 {[%emt 0:09:18]} 10. b4 {[%emt 0:01:41]} Be7 {[%emt 0:02:41]} 11. Qe2 {[%emt 0:02:34]} d4 {[%emt 0:04:29]} 12. b5 {[%emt 0:00:53]} Ncb8 {[%emt 0:13:49]} 13. cxd4 {[%emt 0:00:20]} Qd8 {[%emt 0:05:50]} 14. Nc4 {[%emt 0:03:51]} Nb6 {[%emt 0:01:35]} 15. Nxb6 {[%emt 0:00:20]} Qxb6 {[%emt 0:00:23]} 16. a4 {[%emt 0:02:30]} a5 {[%emt 0:01:26]} 17. Ba3 {[%emt 0:04:30]} Qd8 {[%emt 0:01:41]} 18. Qe4 {[%emt 0:01:50]} Ra7 $2 {[%emt 0:06:11]} (18... Nd7 {is a better chance.} 19. Bxe7 Qxe7) 19. Rfc1 {[%emt 0:01:06]} Bxa3 {[%emt 0:01:49]} (19... b6 $142 20. Bxe7 Rxe7) 20. Rxa3 {[%emt 0:00:07]} b6 {[%emt 0:00:18]} 21. Qg4 {[%emt 0:01:18]} g6 {[%emt 0:03:28]} 22. Rac3 {[%emt 0:04:17]} Bd7 $18 {[%emt 0:04:30]} 23. Ng5 {[%emt 0:01:50]} h5 {[%emt 0:04:28]} 24. Qf4 {[%emt 0:00:52]} O-O {[%emt 0:05:08]} 25. Ne4 {[%emt 0:00:35]} Kg7 {[%emt 0:00:52]} 26. Be2 {[%emt 0:02:04]} Rh8 {[%emt 0:01:20]} 27. Nd6 {[%emt 0:05:03]} Qe7 {[%emt 0:01:20]} 28. Bf3 {[%emt 0:04:45]} g5 {[%emt 0:00:48]} 29. Qe3 {[%emt 0:01:35]} Kf8 {[%emt 0:03:20]} 30. Nc8 {[%emt 0:07:33]} Bxc8 {[%emt 0:01:35]} 31. Rxc8+ {[%emt 0:00:05]} Kg7 {[%emt 0:00:10]} 32. Rxh8 {[%emt 0:00:08]} Kxh8 {[%emt 0:00:10]} 33. Rc8+ {[%emt 0:00:07]} Kh7 {[%emt 0:01:03]} 34. Be4+ {[%emt 0:01:19]} Kg7 {[%emt 0:00:23]} 35. Rxb8 {[%emt 0:00:42]} f5 {[%emt 0:00:29]} 36. exf6+ {[%emt 0:00:41]} Qxf6 {[%emt 0:00:12]} 37. Bc6 {[%emt 0:00:43]} Qh6 {[%emt 0:03:34]} 38. Qe5+ {[%emt 0:00:34]} Kf7 {[%emt 0:00:21]} 39. Rh8 {[%emt 0:00:17]} Qg6 {[%emt 0:00:43]} 40. Be8+ {[%emt 0:00:09]} 1-0